LEADER 00929cam0-22003131i-450- 001 990003499320403321 005 20070302145405.0 035 $a000349932 035 $aFED01000349932 035 $a(Aleph)000349932FED01 035 $a000349932 100 $a20030910d1957----km-y0itay50------ba 101 1 $aita$ceng 105 $ay-------001yy 200 1 $aSaggi sulla rivoluzione inglese del 1640$fa cura di Christopher Hill 210 $aMilano$cFeltrinelli$d1957 215 $a419 p.$d22 cm 225 1 $a<>fatti e le idee$v2 676 $a942.062$v21$zita 700 1$aHill,$bChristopher$f<1912-2003>$0323063 801 0$aIT$bUNINA$gRICA$2UNIMARC 901 $aBK 912 $a990003499320403321 952 $aSE 087.02.25-$b011.979$fDECSE 952 $a942.062 HIL 2$bST.MED.MOD. 1015$fFLFBC 959 $aDECSE 959 $aFLFBC 996 $aSaggi sulla rivoluzione inglese del 1640$9496962 997 $aUNINA LEADER 01101nam0 2200337 450 001 9910591298703321 005 20230120085054.0 010 $a978-88-93852-80-7 100 $a20220921d2022----km-y0itay50------ba 101 0 $aita 102 $aIT 105 $aa-------001yy 200 1 $aStabilitā e biforcazione delle strutture$esistemi statici e dinamici$fA. Luongo, M. Ferretti, S. Di Nino 210 $aBologna$cSocietā Editrice Esculapio$d2022 215 $aXV, 563 p.$d24 cm 300 $aEdizione con accesso on line tramite un codice 610 0 $aSistemi dinamici$aStabilitā 676 $a624.171. 700 1$aLuongo,$bAngelo$09603 701 1$aFerretti,$bManuel$01255479 701 1$aDi Nino,$bSimona$01255480 801 0$aIT$bUNINA$gREICAT$2UNIMARC 901 $aBK 912 $a9910591298703321 952 $a13 52 38$b3997 / 2022$fFINBC 952 $a13 43 28$b4333 / 2022$fFINBC 952 $a13 A 55 33$b3997 / 2022$fFINBC 952 $a13 D 13 11$b4334 / 2022$fFINBC 959 $aFINBC 996 $aStabilitā e biforcazione delle strutture$92910851 997 $aUNINA